000 00317nam a2200145Ia 4500
100 _aSwalum/ H.L.
650 _aElectrical Engineering
942 _cBK
654 _aTelevision
245 _aIntrod. to T.V. servicing
260 _bPhilips
_aBombay
_c1976
082 _a621.38
300 _a272
546 _aENGLISH
999 _c24266
_d24266